Star Struck Presidents Quiz Stats

 Plays Quiz Updated May 2, 2013

Challenge
Share
Tweet
Score 0/20 Timer 04:00
1 Play Today
Actor/President % Correct
Daniel Day-Lewis as Abraham Lincoln (Lincoln)
98.8%
Josh Brolin as George W. Bush (W)
92.2%
Martin Sheen as John F. Kennedy (Kennedy)
89.3%
Robin Williams as Teddy Roosevelt (Night at the Museum)
88.9%
James Brolin as Ronald Reagan (The Reagans)
86.9%
Paul Giamatti as John Adams (Adams)
86.9%
Barry Bostwick as George Washington (The Forging of a Nation)
81.2%
Anthony Hopkins as Richard Nixon (Nixon)
80.4%
Dennis Quaid as Bill Clinton (The Special Relationship)
79.6%
Jon Voight as Franklin Roosevelt (Pearl Harbor)
73%
Actor/President % Correct
Tom Selleck as Dwight Eisenhower (Ike: Countdown to D-Day)
72.3%
Ken Howard as Thomas Jefferson (1776)
69.6%
Anthony Hopkins as John Quincy Adams (Amistad)
62.9%
Fred Thompson as Ulysses Grant (Bury My Heart at Wounded Knee)
56.5%
Charlton Heston as Andrew Jackson (The President's Lady)
55.8%
Gary Sinise as Harry Truman (Truman)
54.3%
Randy Quaid as Lyndon Johnson (Lyndon Johnson: the Early Years)
51.4%
James Cromwell as George H.W. Bush (W)
47.5%
Robert Vaughn as Woodrow Wilson (Backstairs at the White House)
43.4%
George Kennedy as Warren Harding (Backstairs at the White House)
32.3%

You're not logged in!

Compare scores with friends on all Sporcle quizzes.
OR
Log In

You Might Also Like...

Show Comments

Extras

Top Quizzes Today


Score Distribution

Your Account Isn't Verified!

In order to create a playlist on Sporcle, you need to verify the email address you used during registration. Go to your Sporcle Settings to finish the process.

Report this User

Report this user for behavior that violates our Community Guidelines.

Details: